SKUAD OKTO DAN PAUS JERUNG / (Record no. 177435)

MARC details
000 -LEADER
fixed length control field 01287pam a2200397 ia4500
001 - CONTROL NUMBER
control field vtls000859708
003 - CONTROL NUMBER IDENTIFIER
control field PNM
005 - DATE AND TIME OF LATEST TRANSACTION
control field 20200604110840.0
008 - FIXED-LENGTH DATA ELEMENTS--GENERAL INFORMATION
fixed length control field 180906s2019 my a b 000 1 may
015 ## - NATIONAL BIBLIOGRAPHY NUMBER
National bibliography number M19-03346
020 ## - INTERNATIONAL STANDARD BOOK NUMBER
International Standard Book Number 9789672141198
Qualifying information set
International Standard Book Number 9789672141211
Qualifying information paperback
Terms of availability RM10.00 (Harga Denda Bahan Hadiah)
039 #9 - LEVEL OF BIBLIOGRAPHIC CONTROL AND CODING DETAIL [OBSOLETE]
Level of rules in bibliographic description 201905290830
Level of effort used to assign nonsubject heading access points siti
Level of effort used to assign subject headings 201905271558
Level of effort used to assign classification kalthom
Level of effort used to assign subject headings 201904081708
Level of effort used to assign classification hema
Level of effort used to assign subject headings 201809140808
Level of effort used to assign classification amy_z
040 ## - CATALOGING SOURCE
Original cataloging agency BNM
Language of cataloging eng
Transcribing agency BNM
Description conventions rda
Modifying agency PPAK
049 ## - LOCAL HOLDINGS (OCLC)
Holding library mal
082 04 - DEWEY DECIMAL CLASSIFICATION NUMBER
Classification number 499.2386
Edition number 23
090 00 - LOCALLY ASSIGNED LC-TYPE CALL NUMBER (OCLC); LOCAL CALL NUMBER (RLIN)
Classification number (OCLC) (R) ; Classification number, CALL (RLIN) (NR) 499.2386
Feature heading RUS
Feature heading K
100 0# - MAIN ENTRY--PERSONAL NAME
Personal name Rusilawati Kamarudin,
Dates associated with a name 1968-
Relator term author.
245 10 - TITLE STATEMENT
Title SKUAD OKTO DAN PAUS JERUNG /
Statement of responsibility, etc. Rusilawati Kamarudin
264 #1 - PRODUCTION, PUBLICATION, DISTRIBUTION, MANUFACTURE, AND COPYRIGHT NOTICE
Place of production, publication, distribution, manufacture Shah Alam, Selangor :
Name of producer, publisher, distributor, manufacturer LANGKAH BESTARI TRADING,
Date of production, publication, distribution, manufacture, or copyright notice 2019
300 ## - PHYSICAL DESCRIPTION
Extent 14 pages :
Other physical details colour illustrations ;
Dimensions 26 cm
336 ## - CONTENT TYPE
Content type term text
Source rdacontent
337 ## - MEDIA TYPE
Media type term unmediated
Source rdamedia
338 ## - CARRIER TYPE
Carrier type term volume
Source rdacarrier
490 1# - SERIES STATEMENT
Series statement SIRI PENEROKAAN MARIN
500 ## - GENERAL NOTE
General note Includes questions and exercises
650 10 - SUBJECT ADDED ENTRY--TOPICAL TERM
Topical term or geographic name entry element Malay language
Form subdivision Readers
Topical term or geographic name entry element Children's stories, Malay
Topical term or geographic name entry element Adventure and adventurers
Form subdivision Fiction
Topical term or geographic name entry element Malay fiction
830 #0 - SERIES ADDED ENTRY--UNIFORM TITLE
Uniform title Siri penerokaan marin
942 ## - ADDED ENTRY ELEMENTS (KOHA)
Source of classification or shelving scheme Dewey Decimal Classification
Koha item type Book
949 ## - LOCAL PROCESSING INFORMATION (OCLC)
6 2000633256
6 2000633257
6 2000633258
Holdings
Withdrawn Not for loan Current library Shelving location Date acquired Total Checkouts Total Renewals Full call number Barcode Date last seen Date last checked out Koha item type
    Perpustakaan Alor Setar Pinjaman Kanak-kanak 19/07/2020 1 1 K 499.2386 RUS A00738813 26/10/2025 18/09/2025 Book